000
00448nam a2200169Ia 4500
008
090123s9999 xx 000 0 und d
082
_b
27007
_a
891.463/कोटक
100
_a
कोटक व.जु.
245
_a
कठपुतली
250
_a
1
300
_a
218
600
_a
कोटक व.जु.
630
_a
कठपुतली
700
_a
कोटक व.जु.
730
_a
कठपुतली
942
_c
BOOK
999
_c
65156
_d
65156